| 000 | 00528nam a22001937a 4500 | ||
|---|---|---|---|
| 003 | OSt | ||
| 005 | 20140310181752.0 | ||
| 008 | 130627t xxu||||| |||| 00| 0 eng d | ||
| 050 |
_aQC 21.3 _b.V732 1993 |
||
| 082 |
_aFIL 530 _bV714 1993 |
||
| 100 | _aVillegas, Arturo N. | ||
| 245 |
_aPhysics : _ba conceptual approach / _cArturo N. Villegas. |
||
| 260 |
_aSan Juan : _bAcademe Publishing House, _c1993. |
||
| 300 |
_axii,473 p. : _bill. ; _c23 cm. |
||
| 562 | _e1 | ||
| 650 | _aPhysics | ||
| 942 |
_2lcc _cBK |
||
| 999 |
_c3279 _d3279 |
||